| Tag |
First Indicator |
Second Indicator |
Subfields |
| LEADER |
00000cam a2200000 a 4500 |
| 001 |
in00000083411 |
| 005 |
20151008061249.0 |
| 008 |
820524s1982 dcua b 00010 eng |
| 010 |
|
|
|a 81070526
|
| 020 |
|
|
|a 0877663084 :
|c $16.50
|
| 035 |
|
|
|a (OCoLC)08301539
|
| 035 |
|
|
|9 AAJ7684AM
|
| 039 |
0 |
|
|a 2
|b 3
|c 3
|d 3
|e 3
|
| 040 |
|
|
|a DLC
|c DLC
|d TXA
|d UtOrBLW
|
| 043 |
|
|
|a n-us---
|
| 049 |
|
|
|a TXAM
|c [1561285]
|
| 050 |
0 |
0 |
|a HD7293
|b .W363 1982
|
| 082 |
0 |
|
|a 381/.456908/0973
|2 19
|
| 100 |
1 |
|
|a Weicher, John C.
|
| 245 |
1 |
0 |
|a Metropolitan housing needs for the 1980s /
|c John C. Weicher, Lorene Yap, Mary S. Jones.
|
| 264 |
|
1 |
|a Washington, D.C. :
|b Urban Institute Press,
|c [1982]
|
| 264 |
|
4 |
|c ©1982
|
| 300 |
|
|
|a xvi, 138 pages :
|b illustrations ;
|c 24 cm.
|
| 336 |
|
|
|a text
|b txt
|2 rdacontent
|
| 337 |
|
|
|a unmediated
|b n
|2 rdamedia
|
| 338 |
|
|
|a volume
|b nc
|2 rdacarrier
|
| 490 |
0 |
|
|a Urban Institute book
|
| 504 |
|
|
|a Includes bibliographical references.
|
| 650 |
|
0 |
|a Housing forecasting
|z United States.
|
| 650 |
|
0 |
|a Housing policy
|z United States.
|
| 700 |
1 |
|
|a Yap, Lorene.
|
| 700 |
1 |
|
|a Jones, Mary S.
|q (Mary Streitwieser)
|
| 710 |
2 |
|
|a Urban Institute.
|
| 999 |
|
|
|a MARS
|
| 999 |
f |
f |
|s cdfe8447-ec0e-3d75-ac9d-73a01513e408
|i fdde7542-57f2-3432-a986-faca3387ad20
|t 0
|
| 952 |
f |
f |
|p ric
|a Texas A&M University
|b Rellis Campus
|c Joint Library Facility
|d Remote Storage
|t 0
|e HD7293 .W363 1982
|h Library of Congress classification
|i unmediated -- volume
|m A14806129605
|
| 998 |
f |
f |
|a HD7293 .W363 1982
|t 0
|l Remote Storage
|